Hugh Jackman Movies - Statistics

General Stats
  • This quiz has been taken 31 times
  • The average score is 7 of 19
Answer Stats
Release Year Costars Movie % Correct
2000 Patrick Stewart, Ian McDiarmid X-Men
90%
2006 Christian Bale, Michael Caine The Prestige
60%
2013 Will Yun Lee, Tao Okamato The Wolverine
60%
2008 Nicole Kidman, Essie Davis Australia
55%
2017 Patrick Stewart, Dafne Keen Logan
50%
2013 Jake Gyllenhaal, Viola Davis Prisoners
50%
2012 Anne Hathaway, Russell Crowe Les Miserables
45%
2001 John Travolta, Halle Berry Swordfish
45%
2004 Kate Beckinsale, Tom Fisher Van Helsing
40%
2024 Ryan Reynolds, Leslie Uggams Deadpool 3
35%
2022 Laura Dern, Anthony Hopkins The Son
30%
2006 Scarlett Johansson, Woody Allen Scoop
25%
2009 Liev Schreiber, Ryan Reynolds X-Men Origins: Wolverine
25%
2006 Kate Winslet, Ian McDiarmid Flushed Away
20%
2006 Elijah Wood, Robin Williams Happy Feet
20%
2015 Dev Patel, Sigourney Weaver Chappie
15%
2011 Evangeline Lilly, Anthony Mackie Real Steel
15%
2018 J.K. Simmons, Alfred Molina The Front Runner
10%
2012 Alec Baldwin, Isla Fisher Rise of the Guardians
0%
No matching quizzes found
Score Distribution
Percent of People with Each Score
Percentile by Number Answered
Your Score History
You have not taken this quiz